[Event "Berezovskoe op-A"]
[Site "Berezovskoe"]
[Date "2008.08.27"]
[Round "5"]
[White "Minenko, Andrey"]
[Black "Goncharov, Oleh"]
[Result "1/2-1/2"]
[WhiteElo "2326"]
[BlackElo "2216"]
[PlyCount "28"]
[EventDate "2008.08.25"]
[EventType "swiss"]
[EventRounds "9"]
[EventCountry "UKR"]
[SourceTitle "CBM 126 Extra"]
[Source "ChessBase"]
[SourceDate "2008.11.05"]
[SourceVersion "1"]
[SourceVersionDate "2008.11.05"]
[SourceQuality "1"]

1. d4 c5 2. dxc5 e6 3. Nc3 Bxc5 4. Ne4 Nf6 5. Nd6+ Bxd6 6. Qxd6 Qe7 7. Qxe7+ Kxe7 8. Nf3 b6 9. Bg5 Bb7 10. e3 Nc6 11. c3 Rac8 12. Bd3 d5 13. Nd4 Ne5 14. Be2 Nc4 1/2-1/2

[Event "Kiev-ch"]
[Site "Kiev"]
[Date "2008.01.30"]
[Round "10"]
[White "Kalinkin, Boris"]
[Black "Goncharov, Oleh"]
[Result "1/2-1/2"]
[WhiteElo "2223"]
[BlackElo "2240"]
[PlyCount "20"]
[EventDate "2008.01.19"]
[EventType "swiss"]
[EventRounds "11"]
[EventCountry "UKR"]
[SourceTitle "CBM 122 Extra"]
[Source "ChessBase"]
[SourceDate "2008.03.04"]
[SourceVersion "1"]
[SourceVersionDate "2008.03.04"]
[SourceQuality "1"]

1. e4 e6 2. d4 d5 3. Nc3 Bb4 4. e5 c5 5. Qg4 Ne7 6. dxc5 Bxc5 7. Qxg7 Ng6 8. Nf3 Bf8 9. Qf6 Be7 10. Qg7 Bf8 1/2-1/2

[Event "Kiev-ch"]
[Site "Kiev"]
[Date "2008.01.28"]
[Round "8"]
[White "Dobrzhanskaia, Irina"]
[Black "Goncharov, Oleh"]
[Result "1-0"]
[WhiteElo "2087"]
[BlackElo "2240"]
[PlyCount "71"]
[EventDate "2008.01.19"]
[EventType "swiss"]
[EventRounds "11"]
[EventCountry "UKR"]
[SourceTitle "CBM 122 Extra"]
[Source "ChessBase"]
[SourceDate "2008.03.04"]
[SourceVersion "1"]
[SourceVersionDate "2008.03.04"]
[SourceQuality "1"]

1. d4 Nf6 2. Nf3 g6 3. b4 Bg7 4. Bb2 0-0 5. e3 d6 6. c4 Nbd7 7. Nc3 Re8 8. Be2 e5 9. 0-0 e4 10. Nd2 Nf8 11. Qc2 Qe7 12. d5 Bf5 13. Rac1 h5 14. Nb5 a6 15. Nd4 Bg4 16. Bxg4 hxg4 17. Rfd1 N8h7 18. Nf1 Ng5 19. Ng3 Bh8 20. Qe2 Rad8 21. Nb3 Qd7 22. Nd2 Nh5 23. Bxh8 Nxg3 24. fxg3 Kxh8 25. Nb3 Re5 26. c5 f5 27. Qb2 Nf7 28. Na5 Qe7 29. Nxb7 Rb8 30. Na5 Qg5 31. Qd4 Kg7 32. cxd6 cxd6 33. Rc7 Rh8 34. Nc6 Qh6 35. Nxe5 Qxh2+ 36. Kf2 1-0

[Event "Kiev-ch"]
[Site "Kiev"]
[Date "2008.01.27"]
[Round "7"]
[White "Chornozem, Sergey"]
[Black "Goncharov, Oleh"]
[Result "1-0"]
[WhiteElo "2080"]
[BlackElo "2240"]
[PlyCount "77"]
[EventDate "2008.01.19"]
[EventType "swiss"]
[EventRounds "11"]
[EventCountry "UKR"]
[SourceTitle "CBM 122 Extra"]
[Source "ChessBase"]
[SourceDate "2008.03.04"]
[SourceVersion "1"]
[SourceVersionDate "2008.03.04"]
[SourceQuality "1"]

1. e4 Nf6 2. e5 Nd5 3. d4 d6 4. Nf3 Bg4 5. Be2 e6 6. c4 Nb6 7. exd6 cxd6 8. 0-0 Be7 9. Nc3 0-0 10. b3 d5 11. c5 Nc8 12. Be3 Nc6 13. Qd2 Bxf3 14. Bxf3 Bf6 15. Rad1 N8e7 16. g4 h6 17. h3 g5 18. Bg2 Ng6 19. Ne2 Qa5 20. Qxa5 Nxa5 21. Rb1 Nc6 22. b4 Rfd8 23. Rfd1 Rd7 24. Nc3 Nf4 25. Bf1 Kg7 26. b5 Ne7 27. h4 h5 28. Bxf4 gxf4 29. g5 Nf5 30. gxf6+ Kxf6 31. f3 Nxh4 32. Kf2 Nf5 33. Bh3 Ne3 34. Rdc1 Rdd8 35. Ne2 e5 36. c6 Nf5 37. dxe5+ Kxe5 38. Bxf5 Kxf5 39. Rb4 1-0

[Event "Kiev Independence Cup-A 7th"]
[Site "Kiev"]
[Date "2007.08.23"]
[Round "11"]
[White "Goncharov, Oleh"]
[Black "Dorokhin, Mykhailo"]
[Result "1/2-1/2"]
[WhiteElo "2246"]
[BlackElo "2250"]
[PlyCount "86"]
[EventDate "2007.08.13"]
[EventType "swiss"]
[EventRounds "11"]
[EventCountry "UKR"]
[SourceTitle "CBM 119 Extra"]
[Source "ChessBase"]
[SourceDate "2007.09.04"]
[SourceVersion "1"]
[SourceVersionDate "2007.09.04"]
[SourceQuality "1"]

1. Nf3 Nf6 2. c4 e6 3. g3 d5 4. d4 c6 5. Qc2 Be7 6. Bg2 0-0 7. 0-0 Nbd7 8. Nbd2 Re8 9. Rd1 b5 10. b3 Ba6 11. e4 dxe4 12. Ne5 Qb6 13. Nxd7 Nxd7 14. c5 Qc7 15. Nxe4 Nf6 16. Bf4 Qd7 17. Nxf6+ Bxf6 18. Bd6 b4 19. Qe4 Bb5 20. a4 bxa3 21. Rxa3 Be7 22. Bxe7 Rxe7 23. b4 h6 24. h4 Qb7 25. g4 g6 26. f4 f5 27. Qe5 fxg4 28. Qf6 Bc4 29. Bxc6 Qxc6 30. Qxe7 Qe4 31. d5 Bxd5 32. Rxd5 Qxd5 33. Rxa7 Qd1+ 34. Kf2 Qf3+ 35. Ke1 Qc3+ 36. Kd1 Qb3+ 37. Kc1 Qc4+ 38. Kd1 Qb3+ 39. Kc1 Qe3+ 40. Kd1 Rxa7 41. Qxa7 g3 42. Qb8+ Kf7 43. Qc7+ Kf6 1/2-1/2

[Event "Kiev Independence Cup-A 7th"]
[Site "Kiev"]
[Date "2007.08.18"]
[Round "6"]
[White "Shevtsov, Nikoliy"]
[Black "Goncharov, Oleh"]
[Result "1/2-1/2"]
[WhiteElo "2400"]
[BlackElo "2246"]
[PlyCount "134"]
[EventDate "2007.08.13"]
[EventType "swiss"]
[EventRounds "11"]
[EventCountry "UKR"]
[SourceTitle "CBM 119 Extra"]
[Source "ChessBase"]
[SourceDate "2007.09.04"]
[SourceVersion "1"]
[SourceVersionDate "2007.09.04"]
[SourceQuality "1"]

1. e4 c6 2. d4 d5 3. e5 Bf5 4. Nc3 e6 5. g4 Bg6 6. Nge2 c5 7. Be3 Nd7 8. h4 f6 9. exf6 gxf6 10. f4 cxd4 11. Nxd4 Bf7 12. f5 exf5 13. Nxf5 Bb4 14. Qd4 Bc5 15. Qf4 Qb6 16. Bxc5 Nxc5 17. Bb5+ Kf8 18. 0-0-0 a6 19. Be2 Ne6 20. Qd6+ Qxd6 21. Nxd6 Nf4 22. Bf3 Ne7 23. Nxb7 h5 24. Nd6 hxg4 25. Bxg4 Bh5 26. Rdf1 Neg6 27. Bf5 Rd8 28. Nb7 Re8 29. Bxg6 Nxg6 30. Nxd5 Re6 31. Nc5 Rc6 32. Nd7+ Kg7 33. N7xf6 Be2 34. Rf2 Bd3 35. h5 Ne5 36. Kd1 Bc4 37. Rg1+ Kf7 38. b3 Bxd5 39. Nxd5+ Ke6 40. c4 Rh6 41. Rg5 Nd7 42. Re2+ Kd6 43. Rg6+ Kc5 44. Rxc6+ Kxc6 45. Nf4 Rd6+ 46. Kc2 Rd4 47. Re6+ Kb7 48. Ng6 Rg4 49. Re7 Rg2+ 50. Kb1 Kc6 51. Ne5+ Kd6 52. Rxd7+ Kxe5 53. Rd5+ Ke4 54. Rd6 Rh2 55. Rxa6 Kd3 56. Rd6+ Kc3 57. Rd1 Kb4 58. Rd8 Kc3 59. Rd1 Kb4 60. Rc1 Ka3 61. Rc3 Rxh5 62. Kc2 Rh2+ 63. Kd3 Kb2 64. b4 Rh3+ 65. Kd4 Rh4+ 66. Kd3 Rh3+ 67. Kd4 Rh4+ 1/2-1/2

[Event "Kiev Independence Cup-A 7th"]
[Site "Kiev"]
[Date "2007.08.17"]
[Round "5"]
[White "Goncharov, Oleh"]
[Black "Pavlov, Sergey1"]
[Result "0-1"]
[WhiteElo "2246"]
[BlackElo "2415"]
[PlyCount "66"]
[EventDate "2007.08.13"]
[EventType "swiss"]
[EventRounds "11"]
[EventCountry "UKR"]
[SourceTitle "CBM 119 Extra"]
[Source "ChessBase"]
[SourceDate "2007.09.04"]
[SourceVersion "1"]
[SourceVersionDate "2007.09.04"]
[SourceQuality "1"]

1. e4 d5 2. exd5 Qxd5 3. Nc3 Qd8 4. d4 Nf6 5. Bc4 c6 6. Nge2 Bf5 7. Ng3 Bg6 8. h4 h6 9. h5 Bh7 10. Bf4 e6 11. Qd2 Bb4 12. 0-0-0 Nd5 13. Nge2 Qa5 14. Rh3 Nd7 15. a3 Nxc3 16. Nxc3 Bxa3 17. Ba2 Bb4 18. Kb1 Nf6 19. Qe2 Bxc3 20. Rxc3 Qxh5 21. f3 0-0 22. g4 Qg6 23. Rb3 Nd5 24. Bc1 b5 25. f4 a5 26. Rf3 Nb4 27. Rc3 Rfd8 28. f5 exf5 29. gxf5 Qf6 30. Rc5 Nxa2 31. Kxa2 Bxf5 32. Re5 Qg6 33. Rc5 Bg4 0-1

[Event "Kiev Independence Cup-A 7th"]
[Site "Kiev"]
[Date "2007.08.14"]
[Round "2"]
[White "Nyzhnyk, Illya"]
[Black "Goncharov, Oleh"]
[Result "1-0"]
[WhiteElo "2341"]
[BlackElo "2246"]
[PlyCount "111"]
[EventDate "2007.08.13"]
[EventType "swiss"]
[EventRounds "11"]
[EventCountry "UKR"]
[SourceTitle "CBM 119 Extra"]
[Source "ChessBase"]
[SourceDate "2007.09.04"]
[SourceVersion "1"]
[SourceVersionDate "2007.09.04"]
[SourceQuality "1"]

1. e4 Nf6 2. e5 Nd5 3. d4 d6 4. Nf3 Bg4 5. Be2 c6 6. 0-0 Bxf3 7. Bxf3 dxe5 8. dxe5 e6 9. Qe2 Nd7 10. c4 Ne7 11. Bg4 g6 12. f4 h5 13. Bh3 Nf5 14. Bxf5 gxf5 15. Be3 Bc5 16. Kh1 Qb6 17. Bxc5 Nxc5 18. Nc3 0-0-0 19. Rad1 h4 20. Rd6 Rxd6 21. exd6 Rd8 22. Rd1 Qb4 23. a3 Qb3 24. Rd2 h3 25. g3 a6 26. Rd4 Qb6 27. Rd1 Nb3 28. Qf3 Nd4 29. Na4 Qa7 30. Qf1 b5 31. c5 Nb3 32. Nb6+ Kb7 33. d7 Nxc5 34. Nc8 Qb8 35. Nd6+ Kc7 36. Ne8+ Kb7 37. Nd6+ Ka8 38. Qg1 Ne4 39. Nxf7 c5 40. Nxd8 Qxd8 41. Qf1 Ka7 42. Kg1 c4 43. Rd4 Nf6 44. Qf2 Kb8 45. Rd6 Ne4 46. Qb6+ Qxb6+ 47. Rxb6+ Kc7 48. Rxe6 Kxd7 49. Rxa6 Kc7 50. Re6 Nc5 51. Re3 Kc6 52. g4 fxg4 53. f5 Nd7 54. f6 Kd5 55. f7 Kd4 56. Re7 1-0

[Event "Stepichev Memorial 14th"]
[Site "Kiev"]
[Date "2006.12.26"]
[Round "6"]
[White "Goncharov, Oleh"]
[Black "Karnaukh, Anatolij"]
[Result "1/2-1/2"]
[WhiteElo "2193"]
[BlackElo "2253"]
[PlyCount "76"]
[EventDate "2006.12.18"]
[EventType "swiss"]
[EventRounds "9"]
[EventCountry "UKR"]
[SourceTitle "EXT 2008"]
[Source "ChessBase"]
[SourceDate "2007.11.25"]
[SourceVersion "1"]
[SourceVersionDate "2007.11.25"]
[SourceQuality "1"]

1. e4 c5 2. Nf3 Nc6 3. d4 cxd4 4. Nxd4 e5 5. Nb5 d6 6. c4 a6 7. N5c3 Nf6 8. Bg5 Be7 9. Bxf6 Bxf6 10. Nd5 Bg5 11. Bd3 0-0 12. h4 Bh6 13. g4 f6 14. Nbc3 Be6 15. Ne3 Bxe3 16. fxe3 Rc8 17. Nd5 Na5 18. Rc1 b5 19. cxb5 Rxc1 20. Qxc1 axb5 21. b4 Bxd5 22. exd5 Nc4 23. a4 Qb6 24. Kf2 Rc8 25. a5 Qa7 26. Re1 g6 27. h5 e4 28. Bxe4 Qd7 29. hxg6 Qxg4 30. gxh7+ Kh8 31. Bg2 Ne5 32. Qb1 Qh4+ 33. Kg1 Rc2 34. Qxc2 Qxe1+ 35. Kh2 Qh4+ 36. Kg1 Qe1+ 37. Kh2 Qh4+ 38. Kg1 Qe1+ 1/2-1/2

[Event "UKR-ch sf U18"]
[Site "Kharkov"]
[Date "2006.12.07"]
[Round "6"]
[White "Kurayan, Ruslan"]
[Black "Goncharov, Oleh"]
[Result "1-0"]
[WhiteElo "2091"]
[BlackElo "2291"]
[PlyCount "127"]
[EventDate "2006.12.02"]
[EventType "swiss"]
[EventRounds "9"]
[EventCountry "UKR"]
[SourceTitle "EXT 2023"]
[Source "ChessBase"]
[SourceDate "2022.10.05"]
[SourceVersion "1"]
[SourceVersionDate "2022.10.05"]
[SourceQuality "1"]

1. c4 c5 2. Nc3 Nc6 3. Nf3 g6 4. g3 Bg7 5. Bg2 e6 6. 0-0 Nge7 7. d3 d6 8. Bd2 a6 9. Rb1 Rb8 10. a3 b5 11. cxb5 axb5 12. b4 cxb4 13. axb4 d5 14. e3 0-0 15. d4 Nf5 16. Ne1 Nd6 17. Nd3 Ra8 18. Ra1 Rxa1 19. Qxa1 Qb6 20. Nc5 Nc4 21. Rd1 Rd8 22. Be1 Bb7 23. Qb1 Ne7 24. Qc2 Ra8 25. Nxb5 Nc6 26. Nc3 Nxb4 27. Qb3 Ra3 28. N3a4 Rxb3 29. Nxb6 Nxb6 30. Nxb3 Nc2 31. Rc1 Nxe1 32. Rxe1 Ba6 33. Bf1 Bxf1 34. Kxf1 Nc4 35. Ke2 Bf8 36. Nc5 Bd6 37. Rb1 h5 38. Rb7 h4 39. Kd3 hxg3 40. hxg3 Bf8 41. Rb8 Kg7 42. e4 Nd6 43. e5 Nf5 44. Nd7 Be7 45. Re8 Ba3 46. g4 Nh6 47. Nf6 Bc1 48. Rc8 Bg5 49. Ne8+ Kh7 50. f3 Kg8 51. Nd6+ Kg7 52. Rc7 Kf8 53. Ke2 Kg8 54. Kf2 Bf4 55. Rc8+ Kg7 56. Ne8+ Kh7 57. Nc7 Kg7 58. Rd8 Ng8 59. Ne8+ Kh6 60. Rd7 g5 61. Rxf7 Bd2 62. Rg7 Nf6 63. exf6 Be3+ 64. Kxe3 1-0

[Event "Rodatychi op"]
[Site "Rodatychi"]
[Date "2006.08.31"]
[Round "7"]
[White "Goncharov, Oleh"]
[Black "Gorbatenko, Kateryna"]
[Result "1-0"]
[WhiteElo "2193"]
[BlackElo "2094"]
[PlyCount "85"]
[EventDate "2006.08.27"]
[EventType "swiss"]
[EventRounds "9"]
[EventCountry "UKR"]
[SourceTitle "EXT 2008"]
[Source "ChessBase"]
[SourceDate "2007.11.25"]
[SourceVersion "1"]
[SourceVersionDate "2007.11.25"]
[SourceQuality "1"]

1. d4 Nf6 2. c4 g6 3. Nc3 Bg7 4. e4 d6 5. Nf3 0-0 6. Be2 e5 7. Be3 c6 8. d5 Ng4 9. Bg5 f6 10. Bh4 g5 11. Nd2 Nh6 12. Bg3 Nd7 13. h4 a5 14. a3 Nc5 15. b4 axb4 16. axb4 Rxa1 17. Qxa1 Na6 18. Qa3 Qb6 19. b5 cxb5 20. cxb5 Nc5 21. Nc4 Qd8 22. hxg5 fxg5 23. Bxe5 Bxe5 24. Nxe5 Qf6 25. Nf3 g4 26. e5 Qf4 27. Nd2 Qxf2+ 28. Kd1 Nf5 29. e6 Qxg2 30. Re1 Ne3+ 31. Kc1 Nxd5 32. Nxd5 Bxe6 33. Nc7 Bf7 34. Qe3 Rc8 35. Qg5+ Kf8 36. Qh6+ Kg8 37. Qxd6 Qf2 38. Kd1 Qe3 39. Bc4 Qf2 40. Bxf7+ Qxf7 41. Re7 Qh5 42. Re5 Qh1+ 43. Kc2 1-0

[Event "Kiev Independence Cup-A 6th"]
[Site "Kiev"]
[Date "2006.08.18"]
[Round "6"]
[White "Goncharov, Oleh"]
[Black "Zhizmer, Yuri"]
[Result "1-0"]
[WhiteElo "2193"]
[BlackElo "2393"]
[PlyCount "91"]
[EventDate "2006.08.13"]
[EventType "swiss"]
[EventRounds "11"]
[EventCountry "UKR"]
[SourceTitle "CBM 113 Extra"]
[Source "ChessBase"]
[SourceDate "2006.09.14"]
[SourceVersion "1"]
[SourceVersionDate "2006.09.14"]
[SourceQuality "1"]

1. Nf3 d5 2. d4 Nf6 3. c4 c6 4. e3 a6 5. Nc3 b5 6. c5 Bg4 7. h3 Bxf3 8. Qxf3 Nbd7 9. g4 e5 10. g5 Ng8 11. h4 g6 12. Bd2 Bg7 13. Ne2 Qe7 14. 0-0-0 f5 15. Ba5 h6 16. gxh6 Rxh6 17. h5 Ngf6 18. hxg6 Rxh1 19. Qxh1 Ng4 20. Qf3 Qg5 21. Ng3 Qxg6 22. Qxf5 Qxf5 23. Nxf5 Bf8 24. f3 Nh6 25. Bh3 Nxf5 26. Bxf5 Bh6 27. Bd2 exd4 28. exd4 Bxd2+ 29. Kxd2 Nf8 30. Rh1 Ra7 31. Rh6 Rc7 32. Ke3 a5 33. Kf4 Re7 34. Rxc6 Re2 35. a4 Rxb2 36. axb5 Rxb5 37. Ke5 Nd7+ 38. Kd6 Nb8 39. Rb6 Rxb6+ 40. cxb6 a4 41. Be6 a3 42. Bxd5 Kd8 43. f4 Na6 44. b7 Ke8 45. Bc4 Nb8 46. Kc7 1-0

[Event "Kiev Sport Union-ch "]
[Site "Kiev"]
[Date "2006.07.08"]
[Round "8"]
[White "Goncharov, Oleh"]
[Black "Zatorsky, Danylo"]
[Result "0-1"]
[WhiteElo "2193"]
[BlackElo "2088"]
[PlyCount "112"]
[EventDate "2006.07.01"]
[EventType "swiss"]
[EventRounds "9"]
[EventCountry "UKR"]
[SourceTitle "EXT 2008"]
[Source "ChessBase"]
[SourceDate "2007.11.25"]
[SourceVersion "1"]
[SourceVersionDate "2007.11.25"]
[SourceQuality "1"]

1. Nf3 c5 2. c4 Nc6 3. Nc3 g6 4. e3 Nf6 5. d4 Bg7 6. d5 Na5 7. e4 d6 8. h3 0-0 9. Be2 a6 10. Nd2 Rb8 11. Qc2 e6 12. a3 exd5 13. cxd5 b5 14. b4 Nb7 15. Bb2 Re8 16. 0-0 Nd7 17. Nd1 f5 18. Bxg7 Kxg7 19. Ne3 f4 20. Ng4 h5 21. Nh2 Qe7 22. Qc3+ Qf6 23. Rfc1 Nb6 24. Qxf6+ Kxf6 25. Bd1 Bd7 26. h4 Ra8 27. Nhf3 Rac8 28. Ng5 a5 29. g3 Kg7 30. Kg2 fxg3 31. Kxg3 c4 32. Nb1 Ra8 33. Nc3 Nd8 34. f4 Nf7 35. Nf3 Ra6 36. Nd4 Rea8 37. Nc2 Nh6 38. Bf3 Ng8 39. Rab1 axb4 40. Rxb4 Na4 41. Nxb5 Rc8 42. Ncd4 c3 43. e5 dxe5 44. fxe5 Ne7 45. e6 Bxb5 46. Rxb5 Rc4 47. Rb4 Rxd4 48. Rxd4 Nf5+ 49. Kf4 Nxd4 50. Be4 Ne2+ 51. Ke5 Nxc1 52. e7 Kf7 53. d6 Ra5+ 54. Kd4 Ne2+ 55. Kc4 Nf4 56. Bc2 Ra6 0-1

[Event "Kiev Sport Union-ch "]
[Site "Kiev"]
[Date "2006.07.02"]
[Round "2"]
[White "Goncharov, Oleh"]
[Black "Vdovichenko, Vladislav"]
[Result "0-1"]
[WhiteElo "2193"]
[BlackElo "2065"]
[PlyCount "120"]
[EventDate "2006.07.01"]
[EventType "swiss"]
[EventRounds "9"]
[EventCountry "UKR"]
[SourceTitle "EXT 2008"]
[Source "ChessBase"]
[SourceDate "2007.11.25"]
[SourceVersion "1"]
[SourceVersionDate "2007.11.25"]
[SourceQuality "1"]

1. d4 e6 2. c4 d5 3. Nf3 Nf6 4. Nc3 Be7 5. Bg5 Nbd7 6. e3 h6 7. Bh4 0-0 8. Rc1 a6 9. c5 Nh5 10. Bxe7 Qxe7 11. Be2 Nhf6 12. 0-0 c6 13. b4 e5 14. a4 e4 15. Ne1 Nh7 16. Nc2 f5 17. f4 exf3 18. gxf3 Ndf6 19. Bd3 Ng5 20. Qe2 Bd7 21. Rce1 Rae8 22. Qg2 Qf7 23. Ne2 Nh5 24. f4 Ne4 25. Kh1 Re6 26. Bxe4 Rg6 27. Bxd5 cxd5 28. Qf2 Bxa4 29. Na3 Nf6 30. Nc3 Ne4 31. Nxe4 fxe4 32. Rg1 Bd7 33. Rxg6 Qxg6 34. Rg1 Qf7 35. Qh4 Kh7 36. Nb1 Rc8 37. Nc3 Rc6 38. Rg5 Rg6 39. Qh5 Be6 40. Rxg6 Qxg6 41. Qxg6+ Kxg6 42. Kg2 Kf6 43. b5 axb5 44. Nxb5 Bd7 45. Nd6 Bc6 46. Kg3 Ke6 47. f5+ Ke7 48. Kf4 b5 49. Nc8+ Kd7 50. Nb6+ Kc7 51. Ke5 b4 52. Ke6 b3 53. Kf7 b2 54. Kxg7 b1Q 55. f6 Qg1+ 56. Kh7 Qxe3 57. f7 Qf3 58. Kg8 e3 59. f8Q Qxf8+ 60. Kxf8 e2 0-1

[Event "Kurass Memorial op 07th"]
[Site "Kiev"]
[Date "2006.06.25"]
[Round "9"]
[White "Kernazhitsky, Leonid"]
[Black "Goncharov, Oleh"]
[Result "0-1"]
[WhiteElo "2344"]
[BlackElo "2172"]
[PlyCount "90"]
[EventDate "2006.06.17"]
[EventType "swiss"]
[EventRounds "9"]
[EventCountry "UKR"]
[SourceTitle "EXT 2008"]
[Source "ChessBase"]
[SourceDate "2007.11.25"]
[SourceVersion "1"]
[SourceVersionDate "2007.11.25"]
[SourceQuality "1"]

1. e4 e6 2. d4 d5 3. exd5 exd5 4. Nf3 Nc6 5. Bb5 Bd6 6. c4 dxc4 7. d5 a6 8. Ba4 b5 9. dxc6 bxa4 10. 0-0 Ne7 11. Qxa4 0-0 12. Nbd2 c3 13. bxc3 Qe8 14. Nc4 Bb7 15. Nxd6 cxd6 16. Ba3 Bxc6 17. Qf4 Ng6 18. Qg3 Qe4 19. Bxd6 Rfe8 20. Nd4 Bd5 21. f4 Nh4 22. Rf2 Nf5 23. Nxf5 Qxf5 24. Be5 f6 25. Bd4 Re4 26. h3 h5 27. Kh2 Rae8 28. Rd1 Bc4 29. a3 Kh7 30. Qh4 Be2 31. Re1 Kg6 32. Qg3+ Kh7 33. Qh4 Kg8 34. Rb1 Rxd4 35. Rxe2 Rxe2 36. Rb8+ Kh7 37. cxd4 Re4 38. Qg3 Rxd4 39. Rb7 Qg6 40. Qf3 Qf5 41. Qg3 Qg6 42. Qf3 Qf5 43. Rb4 Rd3 44. Qb7 Qg6 45. Rb3 Qg3+ 0-1

[Event "Kurass Memorial op 07th"]
[Site "Kiev"]
[Date "2006.06.23"]
[Round "7"]
[White "Goncharov, Oleh"]
[Black "Chornozem, Sergey"]
[Result "1-0"]
[WhiteElo "2172"]
[BlackElo "2080"]
[PlyCount "67"]
[EventDate "2006.06.17"]
[EventType "swiss"]
[EventRounds "9"]
[EventCountry "UKR"]
[SourceTitle "EXT 2008"]
[Source "ChessBase"]
[SourceDate "2007.11.25"]
[SourceVersion "1"]
[SourceVersionDate "2007.11.25"]
[SourceQuality "1"]

1. d4 d5 2. c4 c6 3. Nc3 Nf6 4. e3 g6 5. Nf3 Bg7 6. cxd5 cxd5 7. Bb5+ Bd7 8. Qb3 Bxb5 9. Qxb5+ Qd7 10. Ne5 Qxb5 11. Nxb5 Na6 12. Bd2 0-0 13. Ke2 Ne4 14. Rhc1 Bxe5 15. dxe5 e6 16. Bc3 Nxc3+ 17. Rxc3 Nb4 18. Rc7 Rfb8 19. Nd4 Na6 20. Rc3 Rc8 21. Rac1 Rxc3 22. Rxc3 Rd8 23. a3 Rd7 24. Rc8+ Kg7 25. Nb5 b6 26. b4 f6 27. exf6+ Kxf6 28. Ra8 Ke7 29. Rxa7 Rxa7 30. Nxa7 Nc7 31. Nc8+ Kf8 32. Nxb6 Nb5 33. a4 Nc7 34. Nxd5 1-0